书目信息 |
| 题名: |
不穿裙子的女生
|
|
| 作者: | 布丁 著 | |
| 分册: | ||
| 出版信息: | 汕头 汕头大学出版社 2004.10 |
|
| 页数: | 178页 | |
| 开本: | 21cm | |
| 丛书名: | ||
| 单 册: | ||
| 中图分类: | I247.5 | |
| 科图分类: | ||
| 主题词: | 长篇小说--中国--当代 | |
| 电子资源: | ||
| ISBN: | 7-81036-870-2 | |
| 000 | 00792nam0 2200229 450 | |
| 001 | 192004001406 | |
| 005 | 20070912094140.79 | |
| 010 | @a7-81036-870-2@dCNY16.00 | |
| 100 | @a20070531d2004 ekmy0chiy0121 ea | |
| 101 | 0 | @achi |
| 102 | @aCN@b440000 | |
| 105 | @ay z 000ay | |
| 200 | 1 | @a不穿裙子的女生@Abu chuan qun zi de nu sheng@f布丁著 |
| 210 | @a汕头@c汕头大学出版社@d2004.10 | |
| 215 | @a178页@d21cm | |
| 314 | @a布丁,一个喜欢写作,画画的人。一个有很多种喜爱的人。 | |
| 330 | @a本书是一部中国当代长篇小说,讲述因为穿裙子我忍了生平第一次胯下之辱,因为穿裙子我引起了全校的大哄动,谁说非得穿裙子才有女人味呀,不穿裙子,我也很可爱呀等内容。 | |
| 606 | 0 | @a长篇小说@y中国@z当代 |
| 690 | @aI247.5@v4 | |
| 701 | 0 | @a布丁@Abu ding@4著 |
| 801 | 0 | @aCN@c20070912 |
| 905 | @dI247.5@eB980 | |
| 不穿裙子的女生/布丁著.-汕头:汕头大学出版社,2004.10 |
| 178页;21cm |
| ISBN 7-81036-870-2:CNY16.00 |
| 本书是一部中国当代长篇小说,讲述因为穿裙子我忍了生平第一次胯下之辱,因为穿裙子我引起了全校的大哄动,谁说非得穿裙子才有女人味呀,不穿裙子,我也很可爱呀等内容。 |
| ● |
| 相关链接 |
|
|
|
正题名:不穿裙子的女生
索取号:I247.5/B980
 
预约/预借
| 序号 | 登录号 | 条形码 | 馆藏地/架位号 | 状态 | 备注 |
| 1 | 624520 | 206245204 | 社科二线400B/400B社科库 13排4列3层/ [索取号:I247.5/B980] | 在馆 | |
| 2 | 624521 | 206245213 | 文学库108/108文学库 26排1列3层/ [索取号:I247.5/B980] | 在馆 | |
| 3 | 624522 | 206245222 | 文学库108/108文学库 26排1列3层/ [索取号:I247.5/B980] | 在馆 |